Massachusetts State Quiz - Statistics

General Stats
  • This quiz has been taken 30 times
  • The average score is 8 of 12
Answer Stats
Question Answer % Correct
Most populated state bordering Mass New York
89%
What famous football team is from Massachusetts? Patriots
85%
What region does this state belong to? New England
81%
What famous president was born in Brookline, MA? John F Kennedy
78%
What college in Massachusetts did Mark Zuckerberg attend? Harvard
74%
Where was the first Thanksgiving? Plymouth
70%
What movie took place in Boston about a man and his talking stuffed animal? Ted
70%
What party was Charlie Baker in? Republican
63%
Behind English and Spanish, what is the most common language spoken in MA? Portuguese
59%
How many counties are there in Massachusetts? 14
56%
Famous bakery that originated in Quincy, MA Dunkin Donuts
44%
What famous wrestler was born in West Newbury, MA? John Cena
44%
No matching quizzes found
Score Distribution
Percent of People with Each Score
Percentile by Number Answered
Your Score History
You have not taken this quiz